The picture book comes of age : looking at childhood through the art of illustration
Saved in:
| Main Author: | |
|---|---|
| Other Authors: | |
| Format: | Book |
| Language: | English |
| Published: |
Chicago :
American Library Association,
1991
|
| Subjects: | |
| Tags: |
Add Tag
No Tags, Be the first to tag this record!
|
MARC
| LEADER | 00000nam a2200000 i 4500 | ||
|---|---|---|---|
| 001 | 1/86815 | ||
| 008 | 990720s1991 eng d | ||
| 020 | |a 0-8389-0543-9 | ||
| 035 | |l 10052160 | ||
| 040 | |a GR-MY-UA |b gre |e aacr | ||
| 041 | 0 | |a eng | |
| 082 | 0 | |a 741.64209045 | |
| 100 | 1 | |a Schwarcz, Joseph H. | |
| 245 | 1 | 4 | |a The picture book comes of age : |b looking at childhood through the art of illustration / |c Joseph H. Schwarcz, Chava Schwarcz |
| 260 | |a Chicago : |b American Library Association, |c 1991 | ||
| 650 | 0 | 0 | |a Illustrated children's books |x Themes and motives. |
| 650 | 0 | 0 | |a Illustrated books |y 20th century. |
| 700 | 1 | |a Schwarcz, Chava. | |
| 852 | |a INST |b RHODES |e 19990720 |h 741.64209045 SCH |p 005400011830 |q 005400011830 |t BK |y 0 | ||
| 901 | |a BIBL4-1999-2 | ||
| 909 | |a Ρ |b 065986 | ||
| 922 | |a 4ΕΛΗ |b 199905 |c ΚΠΣ/154 |d LEADER | ||
| 970 | |z 1999/07/20 |a ΚΟΥΛΑΚΙΟΤΗ |b ΛΙΤΣΑ | ||